[Event "Maharashtra State-ch U25"]
[Site "Nasik"]
[Date "2018.08.10"]
[Round "4"]
[White "Dere, Pushkar"]
[Black "Bhagwat, Heramb"]
[Result "1-0"]
[WhiteElo "1777"]
[BlackElo "1584"]
[PlyCount "93"]
[EventDate "2018.08.09"]
[EventType "swiss"]
[EventRounds "9"]
[EventCountry "IND"]
[SourceTitle "CBM 186 Extra"]
[Source "ChessBase"]
[SourceDate "2018.08.24"]
[SourceVersion "1"]
[SourceVersionDate "2018.08.24"]
[SourceQuality "1"]

1. e4 c5 2. c3 e6 3. d4 d5 4. exd5 exd5 5. Nf3 Nc6 6. Be2 Bd6 7. 0-0 Nge7 8. dxc5 Bxc5 9. Nbd2 0-0 10. Nb3 Bd6 11. Nfd4 Nf5 12. Be3 Nh4 13. Nb5 Be6 14. Nxd6 Qxd6 15. Bd3 Ne5 16. Be2 Rac8 17. Qd4 Rc4 18. Qd1 Bh3 19. g3 f5 20. f4 Ng4 21. Bxg4 Bxg4 22. Qd3 Nf3+ 23. Kg2 Qh6 24. Qxd5+ Kh8 25. Rxf3 Qh3+ 26. Kg1 Re4 27. Raf1 Bxf3 28. Rxf3 Qh5 29. Nd4 Qf7 30. Qxf7 Rxf7 31. Kf2 a6 32. Bd2 Kg8 33. Re3 Rxe3 34. Bxe3 Kf8 35. Ne6+ Kg8 36. c4 Re7 37. Nd4 g6 38. c5 Kf7 39. b4 Rc7 40. Ke2 Kf6 41. a4 h6 42. Kd3 g5 43. fxg5+ hxg5 44. Bxg5+ Kg6 45. Bf4 Rh7 46. h4 Kf6 47. b5 1-0

[Event "Panchavati Resha op 3rd"]
[Site "Panchavati"]
[Date "2017.07.19"]
[Round "2"]
[White "Bhagwat, Heramb"]
[Black "Rajesh, VAV"]
[Result "0-1"]
[WhiteElo "1509"]
[BlackElo "2304"]
[PlyCount "74"]
[EventDate "2017.07.18"]
[EventType "swiss"]
[EventRounds "10"]
[EventCountry "IND"]
[SourceTitle "EXT 2018"]
[Source "ChessBase"]
[SourceDate "2017.10.13"]
[SourceVersion "1"]
[SourceVersionDate "2017.10.13"]
[SourceQuality "1"]

1. d4 Nf6 2. c4 g6 3. g3 d5 4. Bg2 Bg7 5. Nc3 c6 6. cxd5 cxd5 7. Nf3 0-0 8. 0-0 Nc6 9. Ne5 e6 10. Nxc6 bxc6 11. b3 Nd7 12. e4 Ba6 13. Re1 Rc8 14. Bb2 c5 15. exd5 cxd4 16. Na4 e5 17. Ba3 Re8 18. Rc1 Rxc1 19. Qxc1 Qa5 20. Rd1 Rc8 21. Qd2 Qxd2 22. Rxd2 Bh6 23. Rd1 Be2 24. Rb1 d3 25. Bf1 e4 26. Bb2 Bf3 27. Bg2 d2 28. Bxf3 exf3 29. Nc3 Bg7 30. Nd1 Rc2 31. b4 Bxb2 32. Rxb2 Rxb2 33. Nxb2 h5 34. h3 Nb6 35. d6 Kf8 36. Nd1 Ke8 37. g4 h4 0-1